| 000 | 01148nac a22003377a 4500 | ||
|---|---|---|---|
| 001 | BR8802657 | ||
| 003 | BR-BrBNA | ||
| 005 | 20240105120804.0 | ||
| 008 | 230509b bl.|||m| |||| 00| 0 por d | ||
| 040 |
_aBR-BrBNA _bpor _cBiblioteca Nacional de Agricultura |
||
| 072 | _aH10 | ||
| 090 | _a1622 BR8802657 | ||
| 100 | 1 | _aPaltronieri, M.C. | |
| 100 | 1 | _aKato, M.S.A. do | |
| 110 | 1 | _aUnidade de Execucao de Pesquia de Ambito Estadual de Belem, PA (Brasil) | |
| 245 | 1 | _aOcorrencia de pragas na cultura do repolho (Brassicea VAR. Capitata L.)em Altamira - Para | |
| 246 | 1 | _a[Pests in cabbages cultivation in Altamira - Para] | |
| 260 | 3 |
_aBelem, PA (Brasil): _c1987. |
|
| 300 | _a24 p. | ||
| 490 |
_aBoletim de Pesquisa - Unidade de Execucao de Pesquisa de Ambito Estadual de Belem (Brazil) _vno. 05 _x |
||
| 500 | _a5 illus.; 5 tables; Summaries (En, Pt); 9 ref. | ||
| 650 | _aREPOLHO | ||
| 650 | _aPULGAO | ||
| 650 | _aLAGARTA ROSCA | ||
| 650 | _aGRILO | ||
| 650 | _aTRACA DAS CRUCIFERAS | ||
| 650 | _aFLUTUACAO POPULACIONAL | ||
| 650 | _aPARA | ||
| 909 |
_a202312 _bLúcia Elande _c55 _dLúcia Elande |
||
| 942 |
_2AGRIS _n0 _cMS |
||
| 999 |
_c281416 _d281416 |
||